[Event "Budapest FS02 FM-B"]
[Site "Budapest"]
[Date "2012.02.12"]
[Round "9"]
[White "Annageldiyev, Ashirgeldi"]
[Black "Mayer, Istvan"]
[Result "1/2-1/2"]
[WhiteElo "1816"]
[BlackElo "2069"]
[PlyCount "59"]
[EventDate "2012.02.04"]
[EventType "tourn"]
[EventRounds "9"]
[EventCountry "HUN"]
[SourceTitle "CBM 146 Extra"]
[Source "ChessBase"]
[SourceDate "2012.02.29"]
[SourceVersion "1"]
[SourceVersionDate "2012.02.29"]
[SourceQuality "1"]

1. e4 e6 2. d4 d5 3. Nc3 Nf6 4. Bg5 dxe4 5. Nxe4 Nbd7 6. Nxf6+ Nxf6 7. Bd3 Be7 8. c3 h6 9. Be3 0-0 10. Nf3 b6 11. Qc2 Bb7 12. 0-0-0 Ng4 13. h3 Nxe3 14. fxe3 Bg5 15. Qf2 Qe7 16. h4 Bf6 17. e4 e5 18. g4 g6 19. Qg3 Bg7 20. h5 g5 21. Nxe5 Bxe5 22. Qxe5 Qxe5 23. dxe5 Rae8 24. Bc2 Bc8 25. Rhg1 Rxe5 26. Rd5 Ree8 27. Rd4 Rd8 28. Kd2 c5 29. Rxd8 Rxd8+ 30. Ke3 1/2-1/2

[Event "Budapest FS02 FM-B"]
[Site "Budapest"]
[Date "2012.02.11"]
[Round "8"]
[White "Gruz, Janos"]
[Black "Annageldiyev, Ashirgeldi"]
[Result "0-1"]
[WhiteElo "1865"]
[BlackElo "1816"]
[PlyCount "102"]
[EventDate "2012.02.04"]
[EventType "tourn"]
[EventRounds "9"]
[EventCountry "HUN"]
[SourceTitle "CBM 146 Extra"]
[Source "ChessBase"]
[SourceDate "2012.02.29"]
[SourceVersion "1"]
[SourceVersionDate "2012.02.29"]
[SourceQuality "1"]

1. Nf3 c5 2. e4 d6 3. d4 cxd4 4. Nxd4 Nf6 5. Nc3 a6 6. h3 e6 7. g4 Be7 8. Bg2 Nc6 9. Nde2 Qc7 10. Ng3 g6 11. 0-0 0-0 12. Nce2 e5 13. g5 Ne8 14. f4 exf4 15. Nxf4 Ng7 16. Nd5 Qd8 17. Nf6+ Kh8 18. b3 Be6 19. Bb2 Ne5 20. Rf4 Ne8 21. Qf1 h6 22. h4 hxg5 23. hxg5 Kg7 24. Rd1 Qc7 25. Nf5+ Bxf5 26. exf5 Nxf6 27. gxf6+ Bxf6 28. Qf2 Rac8 29. c4 g5 30. Rfd4 Rcd8 31. Bc1 Rh8 32. Qg3 Qe7 33. Re4 g4 34. Bf4 Kf8 35. Rd5 Bh4 36. Bxe5 Bxg3 37. Bg7+ Kxg7 38. Rxe7 Rhe8 39. Rxe8 Rxe8 40. Rd1 b6 41. Bd5 Kf6 42. Kg2 Bh4 43. Kf1 Re5 44. Bb7 Rxf5+ 45. Kg1 Bf2+ 46. Kg2 Bc5 47. Bxa6 Kg5 48. Bc8 Re5 49. Rb1 Re2+ 50. Kg3 f5 51. Rf1 f4+ 0-1